Evocaciones (Record no. 89672)
[ view plain ]
| 000 -LEADER | |
|---|---|
| campo de control de longitud fija | 00548nam a2200169 i 4500 |
| 001 - NÚMERO DE CONTROL | |
| campo de control | 89672 |
| 003 - IDENTIFICADOR DE NÚMERO DE CONTROL | |
| campo de control | ES-MaACL |
| 005 - FECHA Y HORA DE LA ÚLTIMA TRANSACCIÓN | |
| campo de control | 20251118153315.0 |
| 007 - CAMPO FIJO DE DESCRIPCIÓN FÍSICA--INFORMACIÓN GENERAL | |
| campo de control de longitud fija | t| |
| 008 - DATOS DE LONGITUD FIJA--INFORMACIÓN GENERAL | |
| campo de control de longitud fija | 050112s1905 sp ||||1| spa d |
| 100 1# - ENTRADA PRINCIPAL--NOMBRE DE PERSONA | |
| Nombre de persona | Lasso de la Vega y Cortezo, Javier. |
| 9 (RLIN) | 70480 |
| 245 10 - MENCIÓN DEL TÍTULO | |
| Título | Evocaciones |
| Resto del título | : poesías / |
| Mención de responsabilidad, etc. | de Javier Lasso de la Vega y Cortezo ; con un prólogo de Mario Méndez Bejarano. |
| 260 ## - PUBLICACIÓN, DISTRIBUCIÓN, ETC. | |
| Lugar de publicación, distribución, etc. | Sevilla : |
| Nombre del editor, distribuidor, etc. | [s.n., |
| Fecha de publicación, distribución, etc. | 1905] |
| 700 1# - ENTRADA AGREGADA--NOMBRE PERSONAL | |
| Nombre de persona | Méndez Bejarano, Mario, |
| Fechas asociadas al nombre | 1857-1931 |
| 9 (RLIN) | 80142 |
| 852 ## - LOCALIZACIÓN | |
| Ubicación | ES-MaACL |
| Número de control de estantería | T-1084-F-3 |
| Estatus retirado | Estado de pérdida | Estado de daño | No para préstamo | Colección | Biblioteca de origen | Biblioteca actual | Ubicación en estantería | Fecha de adquisición | Fuente de adquisición | Total de préstamos | Signatura topográfica completa | Código de barras | Visto por última vez | Precio de reemplazo | Tipo de ítem Koha |
|---|---|---|---|---|---|---|---|---|---|---|---|---|---|---|---|
| Colección de folletos | Biblioteca del Ateneo de Madrid | Biblioteca del Ateneo de Madrid | Depósito folletos | 17/01/2008 | T-1084-F-3 | 1093650 | 23/02/2023 | 23/02/2023 | Folleto |
